1190 1786 1322 1554 1950 1923 1725 1568 1111 1529 1831 1223 1367 1076 1385 1539 1192 1385 1101 1783 1015 1018 1124 1307 1444 1093 1965 1083 1558 1373 1272 1518 1235 1979 1843 1388 1466 1598 1995 1827 1741 1713 1237 1038 1956 1739 1322 1693 1160 1895 1433 1861 1690 1490 1362 1122 1236 1810 1631 1269 1258 1816 1266 1138 1179 1428 1316 1512 1747 1691 1317 1213 1649 1027 1870 1867 1305 1709 1190 1998 1881 1983 1715 1204 1495 1571 1709 1366 1806 1638 1690 1804 1187 1567 1360 1747 1991 1438 1223 BCNSPRNW ULIB Ver.6.0+V

เปลี่ยนเป็นภาษาไทย

Change to English
 แสดงรายละเอียดบรรณานุกรม
  กลับหน้าหลัก

Brief Record : Get Marc (ISO 2709) : E-mail record : QR code < ปิดหน้าต่าง
LEADER : 00000nam 2200000uu 4500
001    13399126502
003     ULIB
008    180926s2558||||th 000 0 tha d
020    ^a9786165128933
050 04 ^aSB449^bณ116ง
100 0  ^aณภัทร ทองแย้ม
245 10 ^aงานฝีมือสุดคุ้ม ชุด การจัดดอกไม้ 2 / ^cณภัทร ทองแย้ม, สุพัสดา ศรีอุดร และสมัย ศรีอุดร
260    ^aกรุงเทพฯ : ^bวาดศิลป์, ^c2558
300    ^a64 หน้า :^bภาพประกอบสี ; ^c25 ซม.
650  4 ^aการจัดการดอกไม้.
700 0  ^aสุพัสดา ศรีอุดร, ^eผู้แต่งร่วม
700 0  ^aสมัย ศรีอุดร, ^eผู้แต่งร่วม
945    ^p150^l0^i26699
999    ^aกัณชพร จุลอักษร
รายการนี้ยังไม่มีแท็ก
คุณยังไม่ได้ล็อกอิน คุณสามารถมีกิจกรรมร่วมกับเว็บไซต์ได้ แต่ต้องล็อกอินก่อน ::
  ล็อกอิน

รายการสื่อสารสนเทศ

ลำดับที่ ประเภท เลขเรียก/บาร์โค้ด สถานที่ สถานะ
1. วิทยาศาสตร์การแพทย์ และสุขภาพ
วิทยาศาสตร์การแพทย์ และสุขภาพ
SB449 ณ116ง ฉ.1 
  Barcode: 26699
ห้องสมุดวิทยาเขตนครสวรรค์
►หนังสือทั่วไป:l:General Books
บนชั้น

รายการใกล้เคียง
    ผู้แต่ง [ณภัทร ทองแย้ม]

    หัวเรื่อง [การจัดการดอกไม้.]

BibComment


ยังไม่เคยถูกคอมเมนท์

คอมเมนท์ทรัพยากรรายการนี้
  คอมเมนท์: งานฝีมือสุดคุ้ม ..


 Copyright 2026. Bcnsprnw @Library